| 000 | 00814nam a22002415i 4500 | ||
|---|---|---|---|
| 001 | 176402 | ||
| 003 | ES-MaACL | ||
| 005 | 20230906220053.0 | ||
| 008 | 110113s1965 sp |||| | spa d | ||
| 080 | _a616.15 | ||
| 100 | 0 |
_aMarchal, Georges. _9144711 |
|
| 245 | 1 | 4 |
_aLas consultas diarias en hematología / _cpor Georges Marchal y Gérard Duhamel ; versión española de J. C. Rodríguez Ferrera. |
| 260 |
_aBarcelona : _bToray-Masson, _cD. L. 1965. |
||
| 300 |
_aXII, 186 p. ; _c22 cm. |
||
| 490 | 1 |
_aLas consultas diarias ; _v6 |
|
| 500 | _aÍndice. | ||
| 650 | 4 |
_aHematología. _913300 |
|
| 700 | 1 |
_aDuhamel, Gérard. _9144712 |
|
| 700 | 0 |
_aRodríguez Ferrera, J. C. _9144710 |
|
| 830 | 0 |
_aLas consultas diarias ; _v6 _9190025 |
|
| 852 |
_aES-MaACL _jE-14035 _xOlim P-210-Ter |
||
| 999 |
_c176402 _d176402 |
||